004670000a220013300045001000029000002450112000290410013001416500020001546500016001746510048001906530022002386530025002607730048002851 aBotero Trujillo, Ricardo10aTwo new species of Ananteris (Scorpiones, Buthidae) from El Tuparro Natural National Park, eastern Colombia0 aInglés14aNuevas especies14aEscorpiones 4dVichadalParque Natural Nacional El Tuparro eAnanteris faguasi eAnanteris volschenki1 tComptes Rendues Biologiesq83-94d2009g332